vufinder Bibliothèque Municipale de Charleval de Provence
Se connecter
« Retourner aux résultats de recherche

Mieux peindre l'ombre et la lumière à l'aquarelle

Book Cover
Auteur principal: Patricia Seligman
Support: Livres
Langue: Francais
Genre: Documentaire
Sujets:
Étiquettes: Ajouter
Pas de Tags !

LEADER 00802nam0a2200169 450
001 16848392
010 |a 2-212-11449-4  |b Br.  |d 20 € 
100 |a 20040524d2004 u u0frey01 ba 
101 0 |a fre 
102 |a FR 
200 0 |a Mieux peindre l'ombre et la lumière à l'aquarelle  |f Patricia Seligman 
207 1 |a   
330 |a Montre comment utiliser la technique de l'aquarelle pour créer ou reproduire les jeux d'ombre et de lumière, par le contraste des valeurs en structurant une composition. Explique pas à pas la réalisation d'une dizaine de projets et illustre le thème, d'oeuvres d'artistes. 
700 0 |a Seligman  |b Patricia  |4 70 
900 |a Documentaire 
901 |a Accessible au prêt 
995 |a Bibliothèque  |c Bibliothèque  |f 00156006263123  |h 00156006263123  |k 751.42 SEL  |o p  |q a  |r az  |e Bibliothèque 

Options de recherche

Historique de recherche
Recherche avancée

Trouver plus

Nouveautés

Besoin d'aide ?

Contacter un bibliothécaire